Photovoltaics: integration into buildings (Record no. 99582)

MARC details
000 -LEADER
fixed length control field 00598cam a2200217 4500
008 - FIXED-LENGTH DATA ELEMENTS--GENERAL INFORMATION
fixed length control field 000000n1999 000 0 eng u
020 ## - INTERNATIONAL STANDARD BOOK NUMBER
International Standard Book Number 01860812937
035 ## - SYSTEM CONTROL NUMBER
System control number (Sirsi) u100086
041 ## - LANGUAGE CODE
Language code of text/sound track or separate title ENG
050 ## - LIBRARY OF CONGRESS CALL NUMBER
Classification number 696.9
100 ## - MAIN ENTRY--PERSONAL NAME
Personal name Baker, Paul
110 ## - MAIN ENTRY--CORPORATE NAME
Corporate name or jurisdiction name as entry element Building Research Establishment
245 ## - TITLE STATEMENT
Title Photovoltaics: integration into buildings
260 ## - PUBLICATION, DISTRIBUTION, ETC.
Place of publication, distribution, etc. London
Name of publisher, distributor, etc. Construction Research Communications Ltd
Date of publication, distribution, etc. 1999
300 ## - PHYSICAL DESCRIPTION
Extent 6p. ; ill. ; 30cm.
490 ## - SERIES STATEMENT
Series statement BRE Digest
Volume/sequential designation 438
650 ## - SUBJECT ADDED ENTRY--TOPICAL TERM
Topical term or geographic name entry element PHOTOVOLTAICS
690 ## - LOCAL SUBJECT ADDED ENTRY--TOPICAL TERM (OCLC, RLIN)
Topical term or geographic name as entry element BUILT ENVIRONMENT
700 ## - ADDED ENTRY--PERSONAL NAME
Personal name Stirling, Charles
942 ## - ADDED ENTRY ELEMENTS (KOHA)
Suppress in OPAC 0
Holdings
Withdrawn status Lost status Source of classification or shelving scheme Damaged status Not for loan Home library Current library Shelving location Date acquired Total Checkouts Full call number Barcode Date last seen Copy number Price effective from Koha item type Date last checked out
    Dewey Decimal Classification     London London BRE publications 28/09/1999   ENQUIRY DESK 30059196 06/08/2019 1 06/08/2019 Reference material  
    Dewey Decimal Classification     London London BRE publications 28/09/1999 1 ENQUIRY DESK 30059197 06/08/2019 2 06/08/2019 Book 12/12/2006